[Event "Sandton SWVG blitz op"]
[Site "Sandton"]
[Date "2019.05.19"]
[Round "4"]
[White "Simutowe, Musatwe"]
[Black "Sithole, Collins"]
[Result "1-0"]
[WhiteElo "2209"]
[BlackElo "1925"]
[PlyCount "71"]
[EventDate "2019.05.19"]
[EventType "swiss (blitz)"]
[EventRounds "10"]
[EventCountry "RSA"]
[SourceTitle "CBM 190 Extra"]
[Source "ChessBase"]
[SourceDate "2019.07.15"]
[SourceVersion "1"]
[SourceVersionDate "2019.07.15"]
[SourceQuality "1"]

1. d4 d5 2. c4 e6 3. Nc3 Nf6 4. Bg5 Be7 5. e3 0-0 6. Bd3 c6 7. Nf3 Nbd7 8. 0-0 Re8 9. Re1 Nf8 10. Ne5 dxc4 11. Bxc4 Nd5 12. Bxe7 Qxe7 13. Bb3 Bd7 14. Qh5 Nf6 15. Qh3 Rad8 16. Bc2 c5 17. Rad1 cxd4 18. Rxd4 a6 19. Red1 Bc8 20. Qh4 Rxd4 21. Qxd4 N6d7 22. Nf3 Nb8 23. Ne5 f6 24. Nc4 Nc6 25. Qb6 Rd8 26. Rxd8 Qxd8 27. Qc5 Qe7 28. Nd6 Nd7 29. Qa3 Nb6 30. h3 g6 31. Nce4 Kg7 32. g4 Bd7 33. Bd3 Ne5 34. Nf5+ gxf5 35. Qxe7+ Kg6 36. Qxf6# 1-0

[Event "Sandton SWVG blitz op"]
[Site "Sandton"]
[Date "2019.05.19"]
[Round "3"]
[White "Sithole, Collins"]
[Black "Erlank, Warrick"]
[Result "1-0"]
[WhiteElo "1925"]
[BlackElo "1953"]
[PlyCount "79"]
[EventDate "2019.05.19"]
[EventType "swiss (blitz)"]
[EventRounds "10"]
[EventCountry "RSA"]
[SourceTitle "CBM 190 Extra"]
[Source "ChessBase"]
[SourceDate "2019.07.15"]
[SourceVersion "1"]
[SourceVersionDate "2019.07.15"]
[SourceQuality "1"]

1. Nf3 Nf6 2. g3 d5 3. Bg2 e6 4. d3 c5 5. Nbd2 g6 6. c4 Bg7 7. 0-0 Nc6 8. a3 0-0 9. Rb1 a5 10. b3 d4 11. Ng5 h6 12. Nge4 Qe7 13. Nxf6+ Bxf6 14. Re1 Bg7 15. h3 e5 16. Kh2 f5 17. e3 dxe3 18. fxe3 Rd8 19. Qc2 Qd6 20. Bd5+ Be6 21. e4 Nd4 22. Qd1 f4 23. g4 Bxd5 24. cxd5 Qd7 25. Bb2 Rf8 26. Bxd4 exd4 27. Nf3 Qb5 28. e5 Rfe8 29. Qc2 b6 30. e6 Rad8 31. Qc4 Qxc4 32. bxc4 Rd6 33. Rb5 Rb8 34. Reb1 h5 35. Rxc5 hxg4 36. hxg4 Bf6 37. g5 Bd8 38. Rcb5 Rc8 39. Ne5 Kg7 40. Nf7 1-0

[Event "Sandton SWVG blitz op"]
[Site "Sandton"]
[Date "2019.05.19"]
[Round "5"]
[White "Sithole, Collins"]
[Black "Masiya, Mfundo"]
[Result "0-1"]
[WhiteElo "1925"]
[BlackElo "1803"]
[PlyCount "96"]
[EventDate "2019.05.19"]
[EventType "swiss (blitz)"]
[EventRounds "10"]
[EventCountry "RSA"]
[SourceTitle "CBM 190 Extra"]
[Source "ChessBase"]
[SourceDate "2019.07.15"]
[SourceVersion "1"]
[SourceVersionDate "2019.07.15"]
[SourceQuality "1"]

1. Nf3 Nf6 2. g3 g6 3. Bg2 Bg7 4. d3 0-0 5. Nbd2 d5 6. 0-0 Nbd7 7. c4 e5 8. Rb1 a5 9. a3 a4 10. Qc2 c6 11. e3 Re8 12. h3 b5 13. b4 axb3 14. Qxb3 Nc5 15. Qc2 bxc4 16. dxc4 Bf5 17. e4 Ncxe4 18. g4 Nxd2 19. gxf5 Nxf1 20. fxg6 hxg6 21. Bxf1 Nh5 22. Ng5 Nf4 23. Bxf4 exf4 24. h4 Bf6 25. Nf3 Bxh4 26. Kg2 Bf6 27. Bd3 Kg7 28. Rh1 Rh8 29. Rd1 Qd7 30. Ng1 Qg4+ 31. Kf1 Rh1 32. Ke1 Rxg1+ 33. Kd2 Rxd1+ 34. Qxd1 Bc3+ 35. Kc2 Qxd1+ 36. Kxd1 Rxa3 37. cxd5 cxd5 38. Bc2 f3 39. Bb1 Ra1 40. Kc2 Bf6 41. Kc1 d4 42. Kc2 d3+ 43. Kc1 Bg5+ 44. Kb2 d2 45. Bc2 Rc1 46. Ba4 Bf6+ 47. Ka2 Ra1+ 48. Kb3 Rxa4 0-1

[Event "Sandton SWVG rapid op"]
[Site "Sandton"]
[Date "2019.05.18"]
[Round "5"]
[White "Sithole, Collins"]
[Black "Oatlhotse, Providence"]
[Result "0-1"]
[WhiteElo "1861"]
[BlackElo "2228"]
[PlyCount "148"]
[EventDate "2019.05.18"]
[EventType "swiss (rapid)"]
[EventRounds "10"]
[EventCountry "RSA"]
[SourceTitle "CBM 190 Extra"]
[Source "ChessBase"]
[SourceDate "2019.07.15"]
[SourceVersion "1"]
[SourceVersionDate "2019.07.15"]
[SourceQuality "1"]

1. Nf3 Nf6 2. g3 b6 3. Bg2 Ba6 4. d3 d5 5. Nbd2 Nbd7 6. c4 c6 7. 0-0 e6 8. b3 Be7 9. Bb2 0-0 10. a3 b5 11. Nd4 Rc8 12. cxb5 cxb5 13. Rc1 Nc5 14. N2f3 Qb6 15. Qd2 Bb7 16. b4 Na4 17. Ba1 Rxc1 18. Rxc1 Rc8 19. Ne5 Rxc1+ 20. Qxc1 Bd6 21. Nb3 a6 22. Bd4 Qd8 23. Na5 Ba8 24. h3 Qb8 25. Bf3 h6 26. Qe3 Qc7 27. Kg2 Nd7 28. Nxd7 Qxd7 29. Nb3 Qc7 30. Bc5 Bc6 31. Bxd6 Qxd6 32. Nc5 d4 33. Qf4 Bxf3+ 34. Kxf3 Qd5+ 35. Qe4 Nxc5 36. bxc5 Qxc5 37. Qa8+ Kh7 38. Qxa6 Qd5+ 39. e4 Qb3 40. Kf4 Qxd3 41. h4 Qd2+ 42. Kf3 Qd3+ 43. Kf4 Qd2+ 44. Kf3 Qd1+ 45. Kg2 Qe2 46. Qb7 d3 47. Qxf7 Qxe4+ 48. Qf3 Qd4 49. h5 d2 50. Qd1 e5 51. f3 e4 52. fxe4 Qxe4+ 53. Kf2 Qd3 54. g4 Kh8 55. Kg2 Kg8 56. Kf2 Kf7 57. Kg2 Ke6 58. Kf2 Kd5 59. Qh1+ Qe4 60. Qd1 Qd4+ 61. Kf3 Kc4 62. Kg3 Qe3+ 63. Kg2 Qd3 64. Kf2 Kc3 65. Qa1+ Kb3 66. Qd1+ Kxa3 67. Qa1+ Kb3 68. Qd1+ Kb2 69. Kg2 b4 70. Kf2 b3 71. g5 hxg5 72. Kg2 Ka2 73. h6 gxh6 74. Kf2 Qc2 0-1

[Event "Sandton SWVG rapid op"]
[Site "Sandton"]
[Date "2019.05.18"]
[Round "6"]
[White "Sithole, Collins"]
[Black "Van der Walt, Pierre E"]
[Result "1/2-1/2"]
[WhiteElo "1861"]
[BlackElo "1945"]
[PlyCount "66"]
[EventDate "2019.05.18"]
[EventType "swiss (rapid)"]
[EventRounds "10"]
[EventCountry "RSA"]
[SourceTitle "CBM 190 Extra"]
[Source "ChessBase"]
[SourceDate "2019.07.15"]
[SourceVersion "1"]
[SourceVersionDate "2019.07.15"]
[SourceQuality "1"]

1. f4 Nf6 2. Nf3 e6 3. b3 c5 4. Bb2 Be7 5. g3 b6 6. Bg2 Bb7 7. 0-0 0-0 8. d3 Qc7 9. e4 d6 10. Nbd2 Nbd7 11. a4 a6 12. c4 Bc6 13. Qe2 e5 14. fxe5 dxe5 15. Nh4 g6 16. Rf2 Nh5 17. Raf1 Bxh4 18. gxh4 Nf4 19. Qe3 Ne6 20. Nf3 Nd4 21. Qh6 Nxf3+ 22. Rxf3 f6 23. Bh3 Qd6 24. Rg3 Rf7 25. h5 Nf8 26. Bf5 Rg7 27. h4 Raa7 28. Bg4 Raf7 29. Kh2 Bd7 30. Rfg1 Bxg4 31. Rxg4 Qxd3 32. R1g3 Qd7 33. Rf3 Qxg4 1/2-1/2

[Event "RSA Inter Regional-ch"]
[Site "Boksburg"]
[Date "2018.01.11"]
[Round "5.3"]
[White "Sithole, Collins"]
[Black "Dykema, Joshua Damain"]
[Result "1-0"]
[WhiteElo "1909"]
[BlackElo "1406"]
[PlyCount "81"]
[EventDate "2018.01.09"]
[EventType "team-swiss"]
[EventRounds "7"]
[EventCountry "RSA"]
[SourceTitle "CBM 189 Extra"]
[Source "ChessBase"]
[SourceDate "2019.05.31"]
[SourceVersion "1"]
[SourceVersionDate "2019.05.31"]
[SourceQuality "1"]
[WhiteTeam "West Rand Young Minds"]
[BlackTeam "Tshwane Chess"]
[WhiteTeamCountry "RSA"]
[BlackTeamCountry "RSA"]

1. e4 c5 2. Ne2 d6 3. Nbc3 g6 4. g3 Bg7 5. Bg2 Nc6 6. d3 Nd4 7. h3 Bd7 8. f4 Rb8 9. Nd5 e6 10. Ne3 f5 11. c3 Nxe2 12. Qxe2 Qe7 13. exf5 exf5 14. Nd5 Qxe2+ 15. Kxe2 Nf6 16. Re1 0-0 17. Kf2 Kh8 18. Bd2 Bc6 19. Nxf6 Bxf6 20. Re6 Bxg2 21. Kxg2 Rbd8 22. Rae1 Kg7 23. g4 Rd7 24. g5 Bd8 25. Kf3 Rff7 26. h4 Rfe7 27. h5 Rxe6 28. Rxe6 Kf7 29. Re2 Re7 30. hxg6+ hxg6 31. Rh2 Kg8 32. Rh6 Re6 33. c4 Be7 34. Bc3 b6 35. Rh8+ Kf7 36. Ra8 a5 37. Rb8 d5 38. cxd5 Rd6 39. Rb7 Kf8 40. Ke3 Bd8 41. Rg7 1-0